đŸŽ¶ Paroles "Le bal des morts-vivants" par Tri Yann - Statistiques

Statistiques générales
  • Ce quiz a Ă©tĂ© pris 18 fois
  • Le rĂ©sultat moyen est 230 sur 327
Statistiques - réponses
Mots % Correct
Ă 
100%
Camors,
100%
d'
100%
D'
100%
Dans
100%
dans
100%
l'
100%
la
100%
La
100%
Levallois,
100%
n'
100%
de
92%
et
92%
Et
92%
le
92%
Le
92%
m'
92%
me
92%
ville
92%
ai
83%
bal,
83%
des
83%
en
83%
est
83%
J'
83%
j'
83%
Je
83%
je
83%
les
83%
mes
83%
Mes
83%
ou
83%
un
83%
Un
83%
bien
75%
danse
75%
fil
75%
Mais
75%
par
75%
plus
75%
que
75%
sa
75%
suis
75%
y
75%
Y
75%
argent
67%
autre
67%
aux
67%
Aux
67%
avec
67%
belle
67%
Belle-
67%
cou
67%
Du
67%
Île,
67%
jour
67%
sous
67%
yeux
67%
50
58%
abord
58%
Ăąge,
58%
amants
58%
ans
58%
capitaine,
58%
Change
58%
depuis
58%
déserte,
58%
deux
58%
ferraille
58%
fille,
58%
fille
58%
gare
58%
maire
58%
nuit
58%
os,
58%
peau,
58%
perdu
58%
rebondissant
58%
robe
58%
SirĂšne
58%
sonnant
58%
train
58%
trois
58%
tue
58%
viens
58%
belles,
50%
broyés
50%
chair
50%
chevilles,
50%
chiens
50%
corail,
50%
cousue
50%
Croulant
50%
danser
50%
dehors
50%
étranges
50%
galeux,
50%
gras,
50%
gros
50%
jusqu'
50%
marchand
50%
médailles,
50%
minuit
50%
moine
50%
océan !
50%
oreilles
50%
ouvre
50%
passagers
50%
prometteur
50%
quelques
50%
Rafales,
50%
Satan !
50%
sonné,
50%
tempĂȘtes,
50%
trafiquants
50%
véreux,
50%
viennent
50%
vieux
50%
voeu
50%
cher,
42%
fais
42%
jouissance,
42%
misĂšre,
42%
rats,
42%
vécu
42%
voyageurs
42%
antan
33%
bande,
33%
brigand
33%
enfer
33%
entre
33%
épouvantail
33%
joignent
33%
Péché
33%
sarabande
33%
Tel
33%
grillant !
17%
Aucun quiz correspondant
Distribution des résultats
% des personnes avec chaque résultat
Percentile par nombre de réponses
Votre historique - résultats
Vous n’avez pas pris ce quiz